000 00764nam a2200289Ia 4500
005 20260324114941.0
008 008 260324s9999 xx 000 0 eng d
020 _a9780429466298
037 _aEBOOK
040 _aCRL
040 _beng
040 _cCRL
041 _2eng
041 _aeng
084 _qCRL
100 _aK. Jayakrishna; Vimal K.E.K.; S. Aravind Raj; Asela K. Kulatunga; M.T.H. Sultan; J. Paulo Davim
_91152789
245 0 _aSustainable Manufacturing for Industry 4.0
245 3 _bAn Augmented Approach
260 _bTaylor and Francis
260 _c2020
365 _a
365 _b320
856 _uhttp://www.taylorfrancis.com/books/9780429466298
942 _cEBOOK
999 _c1743290
_d1743290